| 000 | 00930nam a22002417a 4500 | ||
|---|---|---|---|
| 005 | 20080626104633.0 | ||
| 008 | 080618t xxu||||| |||| 00| 0 eng d | ||
| 010 | _aENG-90417 | ||
| 020 |
_c695.00 _a8131303795 |
||
| 035 | _aEN-73950 | ||
| 037 | _bDBAD / PUB | ||
| 040 |
_aDPL _bEN |
||
| 082 | _a352.00722 | ||
| 100 | _aSwain, Pratap Chandra | ||
| 245 |
_aPanchayati Raj : _cby Asish Ghosh _bthe grassroots dynamics in Arunachal Pradesh / |
||
| 260 |
_aNew Delhi _bAPH Publishing Corporation _c2008 |
||
| 260 |
_a _b |
||
| 270 |
_a4435-36/7, Ansri Road, Darya Ganj, _bNew Delhi _e110002 |
||
| 300 |
_axiv, 245p. _c23 cm (Hb) |
||
| 500 | _aincludes bibliographical references and index | ||
| 942 |
_cEN _h352.00722 _2ddc _mSWA |
||
| 999 |
_c14071 _d14071 |
||